| 000 | 00395nam a2200157Ia 4500 | ||
|---|---|---|---|
| 008 | 230917s9999||||xx |||||||||||||| ||und|| | ||
| 020 | _cRS1400 | ||
| 040 |
_e25386 _aMAIN |
||
| 041 | _aEnglish | ||
| 082 | _aB R18A:P | ||
| 100 | _aAggarwala, Adish C | ||
| 245 | 0 | _aP V Narasimha Rao: Scholar Prime Minister | |
| 260 |
_aNew Delhi _bAmish Publications _c1995 |
||
| 300 | _a300 p. | ||
| 942 | _cBK | ||
| 999 |
_c66732 _d66732 |
||